Structral design in metals (Record no. 11702)

000 -LEADER
fixed length control field 00502nam a22001937a 4500
001 - CONTROL NUMBER
control field 11702
003 - CONTROL NUMBER IDENTIFIER
control field BD-DhUET
008 - FIXED-LENGTH DATA ELEMENTS--GENERAL INFORMATION
fixed length control field 150218b xxu||||| |||| 00| 0 eng d
040 ## - CATALOGING SOURCE
Original cataloging agency DLC
Transcribing agency DLC
Modifying agency BD-DhUET
082 ## - DEWEY DECIMAL CLASSIFICATION NUMBER
Classification number 624.182
Item number WIL/1957
100 ## - MAIN ENTRY--PERSONAL NAME
Personal name Willims, Clifford D.
245 ## - TITLE STATEMENT
Title Structral design in metals
250 ## - EDITION STATEMENT
Edition statement 2nd ed.
260 ## - PUBLICATION, DISTRIBUTION, ETC. (IMPRINT)
Place of publication, distribution, etc. New York
Name of publisher, distributor, etc. Ronald Press
Date of publication, distribution, etc. 1957
300 ## - PHYSICAL DESCRIPTION
Extent viii, 655 p.
Other physical details ill.
Dimensions 17 cm.
650 #0 - SUBJECT ADDED ENTRY--TOPICAL TERM
Topical term or geographic name as entry element Metals Structural Engg
700 ## - ADDED ENTRY--PERSONAL NAME
Personal name Harris, Ernest C.
942 ## - ADDED ENTRY ELEMENTS (KOHA)
Koha item type General Book
Holdings
Piece designation (barcode) Withdrawn status Not for loan Lost status Damaged status Copy number Koha item type Location (home branch) Sublocation or collection (holding branch) Price effective from Date acquired Koha normalized classification for sorting Koha full call number Koha date last seen Source of classification or shelving scheme Shelving location
61224    1General BookCentral Library, BUETCentral Library, BUET2015-02-182015-02-18624_182000000000000_WIL_1957624.182/WIL/19572015-02-18 Circulation section
42428    2General BookCentral Library, BUETCentral Library, BUET2015-02-182015-02-18624_182000000000000_WIL_1957624.182/WIL/19572015-02-18 Circulation section
11560    3General BookCentral Library, BUETCentral Library, BUET2015-02-182015-02-18624_182000000000000_WIL_1957624.182/WIL/19572015-02-18 Circulation section
61147    4General BookCentral Library, BUETCentral Library, BUET2015-02-182015-02-18624_182000000000000_WIL_1957624.182/WIL/19572015-02-18 Circulation section
42357    5General BookCentral Library, BUETCentral Library, BUET2015-05-102015-05-10624_182000000000000_WIL_1957624.182/WIL/19572015-05-10 Circulation section
11559    6General BookCentral Library, BUETCentral Library, BUET2015-05-122015-05-12624_182000000000000_WIL_1957624.182/WIL/19572015-05-12 Circulation section